Mùa hoa phượng nở: 69 ca khúc dành cho tuổi hồng
Tuyển tập 69 ca khúc dành cho tuổi hồng như bài Cánh én tuổi thơ, Em là bông hồng nhỏ, Bụi phấn,...
Đã lưu trong:
| Tác giả chính: | |
|---|---|
| Định dạng: | Sách |
| Năm xuất bản: |
H.
Âm nhạc
2007
|
| Chủ đề: | |
| Tags: |
Thêm thẻ
Không có thẻ, Hãy là người đầu tiên gắn thẻ bản ghi này!
|
| LEADER | 00728nam a2200169 4500 | ||
|---|---|---|---|
| 082 | |a 782.4209597 |b M510h | ||
| 100 | |a Phạm Tuyên | ||
| 245 | |a Mùa hoa phượng nở: |c Phạm Tuyên, Trịnh Công Sơn, Vũ Hoàng |b 69 ca khúc dành cho tuổi hồng | ||
| 260 | |a H. |b Âm nhạc |c 2007 | ||
| 300 | |a 130 tr. |c 20 cm | ||
| 520 | |a Tuyển tập 69 ca khúc dành cho tuổi hồng như bài Cánh én tuổi thơ, Em là bông hồng nhỏ, Bụi phấn,... | ||
| 653 | |a Âm nhạc | ||
| 653 | |a Ca khúc học sinh | ||
| 653 | |a Việt nam | ||
| 942 | |2 ddc |c SH | ||
| 999 | |c 1971 |d 1971 | ||
| 952 | |0 0 |1 0 |2 ddc |4 0 |6 782_420959700000000_M510H |7 0 |8 700 |9 29565 |a qbu |b qbu |c D5 |d 2014-12-11 |g 22500 |o 782.4209597 M510h |p 5242.c1 |r 0000-00-00 |w 2014-12-11 |y SH | ||